000 01400cad a22002415a 4500
001 L140858
008 071016e20071009xxk f f000 0 eng d
035 _a(Sirsi) u140858
041 0 _aeng
100 1 _aCooper, Yvette
245 0 0 _aPlanning reform
_h[electronic resource]
260 _aLondon
_bDCLG
_c2007
520 _aTranscript of a speech given by Yvette Cooper, Minister of Housing, in response to the Chancellor of the Exchequer's declaration of the pre-budget report for 2007 (L140815). Outlines key proposals to increase access to affordable housing. Proposes to introduce a Planning Gain Supplement (PGS), a levy on development intended to support housing growth at a local level. Other proposals include simplifying the planning charge system; ensuring developments of all levels present infrastructural benefits; and encouraging local regions and authorities to plan positively for housing and economic growth.
590 _aKA
650 2 4 _aPLANNING GAIN SUPPLEMENT
650 2 4 _aPLANNING REFORM
650 2 4 _aHOUSING GREEN PAPER
650 2 4 _aTOWN AND COUNTRY PLANNING ACT 1990 S106
651 4 _aUnited Kingdom
_y
690 _aENVIRONMENTAL AND LAND CONSULTANCY-PLANNING AND DEVELOPMENT-PLANNING REFORM
856 4 0 _uhttps://www.communities.gov.uk/statements/corporate/planningreform?version=2
_zView the speech free of charge at www.communities.gov.uk...
942 _n0
999 _c79370
_d79370